ARRUPE JESUIT UNIVERSITY

CORONAVIRUS -STOP THE SPREAD - CLEAN,DISINFECT,COVER

The state vs. Nelson Mandela : (Record no. 120321)

MARC details
000 -LEADER
fixed length control field 01355cam a2200349 a 4500
001 - CONTROL NUMBER
control field 6301033
003 - CONTROL NUMBER IDENTIFIER
control field ARRUPE
005 - DATE AND TIME OF LATEST TRANSACTION
control field 20140327165143.0
008 - FIXED-LENGTH DATA ELEMENTS--GENERAL INFORMATION
fixed length control field 070103s2007 enkaf 001 0 eng
015 ## - NATIONAL BIBLIOGRAPHY NUMBER
National bibliography number GBA707046
Source bnb
016 7# - NATIONAL BIBLIOGRAPHIC AGENCY CONTROL NUMBER
Record control number 013651170
Source Uk
020 ## - INTERNATIONAL STANDARD BOOK NUMBER
International Standard Book Number 9781851685004 (hbk.)
020 ## - INTERNATIONAL STANDARD BOOK NUMBER
International Standard Book Number 1851685006 (hbk.)
035 ## - SYSTEM CONTROL NUMBER
System control number (OCoLC)ocm80332689
035 ## - SYSTEM CONTROL NUMBER
System control number (OCoLC)80332689
035 ## - SYSTEM CONTROL NUMBER
System control number (NNC)6301033
040 ## - CATALOGING SOURCE
Original cataloging agency UKM
Transcribing agency UKM
Modifying agency BAKER
-- BTCTA
-- YDXCP
-- C#P
-- WLL
050 #4 - LIBRARY OF CONGRESS CALL NUMBER
Classification number KTL42.R58
Item number J64 2007
082 04 - DEWEY DECIMAL CLASSIFICATION NUMBER
Classification number 345.680231
Edition number 22
300 ## - PHYSICAL DESCRIPTION
Other physical details ill. ;
Dimensions 23 cm.
100 1# - MAIN ENTRY--PERSONAL NAME
Personal name Joffe, Joel.
9 (RLIN) 9588
245 14 - TITLE STATEMENT
Title The state vs. Nelson Mandela :
Remainder of title the trial that changed South Africa /
Statement of responsibility, etc Joel Joffe.
260 ## - PUBLICATION, DISTRIBUTION, ETC. (IMPRINT)
Place of publication, distribution, etc Oxford :
Name of publisher, distributor, etc Oneworld,
Date of publication, distribution, etc 2007.
300 ## - PHYSICAL DESCRIPTION
Extent xviii, 288 p., [8] p. of plates :
500 ## - GENERAL NOTE
General note Includes index.
505 0# - FORMATTED CONTENTS NOTE
Formatted contents note Arrests at Rivonia -- Escape, the accused and the defence team -- Quashing the indictment -- The trial begins -- The case for the prosecution -- Unreliable prosecution witnesses -- The defence -- Final speeches and verdict.
600 10 - SUBJECT ADDED ENTRY--PERSONAL NAME
Personal name Mandela, Nelson,
Dates associated with a name 1918-2013
General subdivision Trials, litigation, etc.
9 (RLIN) 9589
650 #0 - SUBJECT ADDED ENTRY--TOPICAL TERM
Topical term or geographic name as entry element Rivonia Trial, Pretoria, South Africa, 1964.
9 (RLIN) 9590
650 #0 - SUBJECT ADDED ENTRY--TOPICAL TERM
Topical term or geographic name as entry element Trials (Political crimes and offenses)
Geographic subdivision South Africa.
9 (RLIN) 9591
942 ## - ADDED ENTRY ELEMENTS (KOHA)
Source of classification or shelving scheme Library of Congress Classification
Koha item type REFERENCE
948 1# - LOCAL PROCESSING INFORMATION (OCLC); SERIES PART DESIGNATOR (RLIN)
Series part designator, SPT (RLIN) 20071113
b (OCLC) c
c (OCLC) sds12
d (OCLC) MPS
Holdings
Withdrawn status Lost status Source of classification or shelving scheme Damaged status Not for loan Collection code Home library Current library Shelving location Date acquired Total Checkouts Full call number Barcode Date last seen Price effective from Koha item type
    Library of Congress Classification     SPECIAL Collection ARRUPE LIBRARY ARRUPE LIBRARY Main Collection 27/03/2014   SPC KTL42.R58 J65 2007 46500001806 27/03/2014 27/03/2014 REFERENCE

 

Arrupe Library. PO Box MP320 Mt Pleasant, Harare, Zimbabwe
263 242 745411|librarian@aju.ac.zw